LEADER 00942nam--2200349---450- 001 990001691830203316 005 20050711120353.0 035 $a000169183 035 $aUSA01000169183 035 $a(ALEPH)000169183USA01 035 $a000169183 100 $a20040524d1968----km-y0itay0103----ba 101 0 $aeng 102 $aGB 105 $a||||||||001yy 200 1 $aGiacomo Joyce$fJames Joyce 210 $aLondon$cFaber and Faber$d1968 215 $aXXVI, 22 p.$d13 cm 410 0$12001 454 1$12001 461 1$1001-------$12001 700 1$aJOYCE,$bJames$0163567 801 0$aIT$bsalbc$gISBD 912 $a990001691830203316 951 $aVII.3.A. 1301(II i A 547)$b31042 L.M.$cII i A 959 $aBK 969 $aUMA 979 $aSIAV3$b10$c20040524$lUSA01$h1449 979 $aSIAV3$b10$c20040524$lUSA01$h1452 979 $aCOPAT2$b90$c20050711$lUSA01$h1203 996 $aGiacomo Joyce$9222903 997 $aUNISA